| 000 | 01413nam a2200217Ia 4500 | ||
|---|---|---|---|
| 999 |
_c35495 _d35495 |
||
| 001 | 1355 | ||
| 003 | GE_BSU | ||
| 005 | 20221130112225.0 | ||
| 008 | 181216s2009||||ge |||||||||||||| ||geo|| | ||
| 020 | _a9994025694x | ||
| 040 | _cGE_BSU | ||
| 041 | _ageo | ||
| 080 | _a159.907 ფ-96 | ||
| 245 |
_aფსიქოლოგიური გამოკვლევები: _bN 3 / _cსაქ. განათლებისა და მეცნიერების სამინისტრო. შოთა რუსთაველის სახელმწ. უნ-ტი. სოციალურ მეცნიერებათა, ბიზნესისა და სამართალმცოდნეობის ფაკულტეტი. სოციალურ მეცნიერებათა დეპარტამენტი ; რედაქტორები: ნოდარ ბარამიძე, გურამ ჩაგანავა. |
||
| 264 |
_aბათუმი : _b შოთა რუსთაველის სახელმწიფო უნ-ტი, _c2009. |
||
| 300 |
_a135 გვ. ; _b20 სმ. |
||
| 653 | _aფსიქოლოგია | ||
| 700 |
_aბარამიძე, ნოდარ _eრედაქტორი _916230 |
||
| 700 |
_aჩაგანავა, გურამ _eრედაქტორი _916231 |
||
| 942 |
_cBK _2udc |
||